000 00476nam a2200169Ia 4500
003 IN-BaIIA
008 211028s9999 xx 000 0 eng d
020 _a978 03339 183 33
040 _cIIA Library
080 _a539.2
_bDEK
100 _aDekker, A. J.
_932412
245 0 _aSolid state physics
_cA. J. Dekker
260 _aNew Delhi
_bMacmillan
_c2007
300 _axiv, 540p.
650 _aSolid State Physics
942 _cBK
999 _c17202
_d17202